|
|
|
|
| LEADER |
01124nam a2200277 i 4500 |
| 001 |
c000071249 |
| 003 |
CARM |
| 005 |
00000000000000.0 |
| 008 |
800204s1979 ua b 00000 eng d |
| 019 |
1 |
|
|a 2695837
|z 22522527
|5 LACONCORD2021
|
| 035 |
|
|
|a (OCoLC)220324345
|5 LACONCORD2021
|
| 100 |
1 |
|
|a Christensen, E. R.
|q (Erik Regnar)
|
| 245 |
1 |
0 |
|a Trace metals in urban runoff and their influence on phytoplankton growth in the receiving waters.
|
| 260 |
|
|
|a Ann Arbor, Mich. :
|b University Microfilms International,
|c 1979.
|
| 300 |
|
|
|a xx, 186 p. :
|b ill.4c21 cm.
|
| 500 |
|
|
|a Facsimile of authors thesis, 1977.
|
| 502 |
|
|
|a Thesis (Ph.D.) - University of California, Irvine.
|
| 504 |
|
|
|a Bibliography: p. 101-108.
|
| 650 |
|
0 |
|a Runoff.
|
| 650 |
|
0 |
|a Trace elements in water.
|
| 650 |
|
0 |
|a Plants, Effect of trace elements on.
|
| 650 |
|
0 |
|a Phytoplankton.
|
| 852 |
8 |
|
|b CARM
|h A2:AH01B0
|i B03492
|p 0095623
|f BK
|
| 082 |
0 |
4 |
|a 628.168/2
|
| 999 |
f |
f |
|i e54bf4c0-9124-5a33-ac2f-b1fceb7e13e4
|s 6c11a553-c4ec-5930-8a86-f7177eb3faca
|
| 952 |
f |
f |
|p Can circulate
|a CAVAL
|b CAVAL
|c CAVAL
|d CARM 1 Store
|e B03492
|f A2:AH01B0
|h Other scheme
|i book
|m 0095623
|